000 01381nam0a2200313 4500
001 RU\NLR\bibl\1732462
005 20250616080302.0
010 _a978-5-89546-506-6
_9100
021 _aRU
_b2010-104004
_97025
035 _a(NLR Aleph) 001723408
090 _a1354089
_c1354089
100 _a20110207d2010 |||y0rusy50 ca
101 0 _arus
102 _aRU
105 _ay |||||||||
200 1 _aГосударственная кадровая политика в системе национальной безопасности современной России (региональный аспект)
_fЛ.Л. Иванова, В.А. Нефедов
210 _aРостов-на-Дону
_cИзд-во СКАГС
_d2010
215 _a239 с.
_cил.
_d21
320 _aБиблиогр.: с. 220-239 и в подстроч. прим.
606 1 _aГосударственное управление
_xКадры
_xПодготовка
_yРоссийская Федерация
_92232808
_3RU\NLR\auth\661340103
686 _aХ621.02
700 1 _4070
_7ca
_8rus
_aИванова
_bЛ. Л.
_cканд. полит. наук
_gЛюдмила Леонидовна
_9257399
_3RU\NLR\AUTH\770257455
701 1 _aНефедов
_bВ. А.
_4070
801 0 _aRU
_bNLR
_c20110207
_gRCR
801 1 _aRU
_bNLR
_c20110207
942 _cBOOK
980 _aNB